000 00647nam a2200229Ia 4500
003 OSt
005 20241204121145.0
008 210323s9999||||xx |||||||||||||| ||und||
020 _a9788126718924
040 _cSTCPL
041 _aHIN
041 _hHND
082 _aH09
_bNAM-P
100 _aSingh, Namwar
_qनामवर सिंह
245 0 _aPremchand aur bhartiya samaj /
_cby Namwar Singh
_hप्रेमचंद और भारतीय समाज
260 _aNew Delhi :
_bRaj Kamal Prakashan ,
_c2019 .
300 _a195 p.
_bHB
650 _aHindi literature
650 _aCriticism
942 _cBK
942 _2ddc
999 _c61791
_d61791